| 000 | 00639nam a2200169 4500 | ||
|---|---|---|---|
| 999 |
_c16205 _d16205 |
||
| 008 | 210805b ||||| |||| 00| 0 eng d | ||
| 022 | _a10422587 | ||
| 082 | _aDPer 658.405 En86 2016 vol. 40, no. 3 | ||
| 100 |
_aCroce, Annalisa. _943422 |
||
| 245 |
_aProductivity growth in private-equity-backed family firms/ _cAnnalisa Croce and Jose Marti. |
||
| 260 |
_aHoboken, NJ: _bWiley Subscription Services, Inc., _cc2016. |
||
| 300 |
_av40 n3, pages 657-684; _billustrations: _c25 cm. |
||
| 650 |
_aBusiness _xprivate equity. _943423 |
||
| 650 |
_aBusiness enterprises _xFamily. _943424 |
||
| 700 |
_aMarti, J. _eAuthor. _943425 |
||
| 942 |
_2ddc _cPER |
||